ბათუმის შოთა რუსთაველის სახელმწიფო უნივერსიტეტის ბიბლიოთეკა

The Last judor. The various haunts of men. The codex (ბიბ.ჩანაწერი № 45881)

000 -LEADER
fixed length control field 00520nam a2200193Ia 4500
001 - CONTROL NUMBER
control field 12710
003 - CONTROL NUMBER IDENTIFIER
control field GE_BSU
008 - FIXED-LENGTH DATA ELEMENTS--GENERAL INFORMATION
fixed length control field 181216s||||||||xx |||||||||||||| ||und||
020 ## - INTERNATIONAL STANDARD BOOK NUMBER
International Standard Book Number 9780276428692
040 ## - CATALOGING SOURCE
Transcribing agency GE_BSU
080 ## - UNIVERSAL DECIMAL CLASSIFICATION NUMBER
Universal Decimal Classification number 821.111-32
100 ## - MAIN ENTRY--PERSONAL NAME
Personal name Grisham,John
245 #4 - TITLE STATEMENT
Title The Last judor. The various haunts of men. The codex
260 ## - PUBLICATION, DISTRIBUTION, ETC.
Place of publication, distribution, etc. London
260 ## - PUBLICATION, DISTRIBUTION, ETC.
Name of publisher, distributor, etc. the readers digest association limited
300 ## - PHYSICAL DESCRIPTION
Extent 540p.ill.21cm.
653 ## - INDEX TERM--UNCONTROLLED
Uncontrolled term The Last judor. The various haunts of men. The codex
942 ## - ADDED ENTRY ELEMENTS (KOHA)
Koha item type წიგნი
ეგზემპლარები
Withdrawn status Lost status Damaged status Not for loan Date acquired Barcode Date last seen Price effective from Koha item type
        2018-12-17 35635 2018-12-17 2018-12-17 წიგნი